[Event "Lichtenberger Sommer"]
[Site "Berlin"]
[Date "2009.08.19"]
[Round "5.92"]
[White "Stark, Steven"]
[Black "Schild, Reinhard"]
[Result "0-1"]
[WhiteElo "1169"]
[BlackElo "1593"]
[PlyCount "112"]
[EventDate "2009.??.??"]
[WhiteTeam "VfB Hermsdorf e.V."]
[BlackTeam "SG Weißensee 49 e.V."]

1. e4 c6 2. Nc3 d5 3. exd5 cxd5 4. d4 Nc6 5. Bb5 Nf6 6. h3 a6 7. Bxc6+ bxc6 8.
Nf3 Qc7 9. g3 e6 10. Bf4 Bd6 11. Be5 Qe7 12. a3 a5 13. Bxd6 Qxd6 14. Ne5 O-O
15. Na4 Nd7 16. f4 f6 17. Nxd7 Bxd7 18. Nb6 Ra7 19. Nxd7 Rxd7 20. Qd2 e5 21.
O-O exd4 22. Qxa5 c5 23. Rf2 Qc6 24. Re1 Ra8 25. Qd2 Qb6 26. c3 dxc3 27. Qxc3
c4 28. Kg2 Qc6 29. Kh2 d4 30. Qc2 Rb8 31. Rc1 d3 32. Qxc4+ Qxc4 33. Rxc4 d2 34.
Rc2 d1=Q 35. b4 Rbd8 36. b5 Rd2 37. Rcxd2 Rxd2 38. Rxd2 Qxd2+ 39. Kg1 Qc1+ 40.
Kf2 Qxa3 41. b6 Qb2+ 42. Kf3 Qxb6 43. Kg2 Qe3 44. h4 f5 45. Kh2 h6 46. Kh3 Kf7
47. Kg2 Kf6 48. Kh2 g5 49. hxg5+ hxg5 50. fxg5+ Kxg5 51. Kg2 Kg4 52. Kf1 Qf3+
53. Kg1 Qxg3+ 54. Kh1 Qf4 55. Kg1 Kh3 56. Kh1 Qf1# 0-1

[Event "Lichtenberger Sommer"]
[Site "Berlin"]
[Date "2009.08.19"]
[Round "5.93"]
[White "Heldt, Ronny"]
[Black "Mildenberger, Hans"]
[Result "0-1"]
[WhiteElo "1112"]
[BlackElo "1628"]
[PlyCount "129"]
[EventDate "2009.??.??"]
[WhiteTeam "Treptower SV 1949 e.V."]
[BlackTeam "BVG Helmholtz"]

1. d4 Nf6 2. c4 e6 3. Nc3 Bb4 4. Qc2 d5 5. cxd5 exd5 6. Bd2 c6 7. e3 O-O 8. Bd3
Re8 9. Nge2 Nbd7 10. O-O Bd6 11. f3 Qc7 12. h3 Nf8 13. e4 Nh5 14. e5 Bxe5 15.
dxe5 Qxe5 16. Rfe1 Bd7 17. Nf4 Qd4+ 18. Kh1 Nxf4 19. Bxf4 Qxf4 20. Qb3 b6 21.
Nxd5 cxd5 22. Qxd5 Be6 23. Qb5 Ng6 24. Re4 Qd6 25. Rd1 Qc5 26. Qa4 Red8 27. Be2
Rxd1+ 28. Bxd1 Qc1 29. Kh2 Qxb2 30. a3 b5 31. Rb4 Qd2 32. Rd4 bxa4 33. Rxd2 Kf8
34. Bxa4 Ke7 35. Rd3 Rd8 36. Rc3 Rd6 37. Kg3 h5 38. Rc7+ Kf6 39. Rc6 Rd8 40.
Bc2 Ne5 41. Rc3 Rc8 42. Rxc8 Bxc8 43. f4 Nc4 44. a4 a5 45. Bd3 Nb6 46. Kf3 Bf5
47. Be2 Bc2 48. Ke3 g6 49. g4 h4 50. Kd4 Nxa4 51. Kc4 Be4 52. Bf1 Nb2+ 53. Kb3
Nd3 54. Ka4 Nxf4 55. Kxa5 Bg2 56. Bxg2 Nxg2 57. Kb4 Nf4 58. Kc3 Kg5 59. Kd2
Nxh3 60. Ke2 Kxg4 61. Kf1 Kg3 62. Ke2 Kg2 63. Ke3 f5 64. Ke2 f4 65. Kd3 0-1

[Event "Lichtenberger Sommer"]
[Site "Berlin"]
[Date "2009.08.19"]
[Round "5.94"]
[White "Lischeid, Kilian"]
[Black "Schmalzried, Volker"]
[Result "1-0"]
[WhiteElo "879"]
[BlackElo "1875"]
[PlyCount "59"]
[EventDate "2009.??.??"]
[WhiteTeam "SC Friesen Lichtenberg e.V."]
[BlackTeam "Umweltbundesamt"]

1. e4 g6 2. Nc3 Bg7 3. Nf3 c5 4. Bc4 Nc6 5. d3 Nf6 6. Bg5 O-O 7. O-O Na5 8. Qe2
Nxc4 9. dxc4 d6 10. Rad1 b6 11. e5 Nd7 12. exd6 Bf6 13. dxe7 Qxe7 14. Qxe7 Bxe7
15. Bxe7 Re8 16. Bg5 Nf8 17. Nd5 Re2 18. Rd2 Rxd2 19. Bxd2 Bf5 20. c3 Kg7 21.
Re1 Rd8 22. Bg5 Rd6 23. Be7 Rd7 24. Bxf8+ Kxf8 25. Ng5 Bd3 26. Nf6 Rc7 27. b3
h5 28. Nf3 Rc6 29. Nd7+ Kg7 30. Nde5 1-0

[Event "Lichtenberger Sommer"]
[Site "Berlin"]
[Date "2009.08.19"]
[Round "5.95"]
[White "Kammler, Hans-Joachim"]
[Black "Steppan, Siegfried"]
[Result "0-1"]
[WhiteElo "1276"]
[BlackElo "1584"]
[PlyCount "68"]
[EventDate "2009.??.??"]
[WhiteTeam "SG Eckturm"]
[BlackTeam "SV Werder/H."]

1. e4 c6 2. c4 d5 3. exd5 cxd5 4. cxd5 Nf6 5. Nc3 a6 6. Qb3 Nbd7 7. d4 b5 8.
Nf3 Nb6 9. a3 Nbxd5 10. Bd3 e6 11. Bg5 Be7 12. O-O O-O 13. Rac1 h6 14. Bh4 Bb7
15. Bg3 Nxc3 16. Rxc3 Bxf3 17. gxf3 Qd5 18. Qc2 Bd6 19. Rd1 Bxg3 20. fxg3 Qxd4+
21. Kg2 Qa4 22. Qe2 Nd5 23. Rc6 Ne3+ 24. Qxe3 Qxd1 25. Qe4 Qd2+ 26. Kh3 g6 27.
Rxe6 Qxb2 28. Re5 Qc1 29. f4 Qc8+ 30. g4 Re8 31. f5 Rxe5 32. Qxe5 Qe8 33. Qf6
Qe3+ 34. Kh4 Qxd3 0-1

[Event "Lichtenberger Sommer"]
[Site "Berlin"]
[Date "2009.08.19"]
[Round "5.96"]
[White "Glase, Johan"]
[Black "Hamar, Dirk"]
[Result "0-1"]
[WhiteElo "964"]
[BlackElo "1544"]
[PlyCount "64"]
[EventDate "2009.??.??"]
[WhiteTeam "SC Friesen Lichtenberg e.V."]
[BlackTeam "SV Eutin von 1875"]

1. e4 c6 2. d4 d5 3. Nc3 dxe4 4. Nxe4 Nd7 5. Qe2 e6 6. Bf4 Nb6 7. O-O-O Nd5 8.
Be5 Ngf6 9. Qf3 Nxe4 10. Qxe4 Qg5+ 11. Kb1 Be7 12. Bd3 Nf6 13. Nf3 Nxe4 14.
Nxg5 Nxg5 15. Bxg7 Rg8 16. Bh6 f5 17. Rhe1 Rg6 18. Bxg5 Rxg5 19. Rg1 Kf7 20. c4
Bf6 21. Be2 b6 22. Bf3 Bb7 23. d5 exd5 24. cxd5 cxd5 25. Bxd5+ Bxd5 26. Rxd5
Kg6 27. f4 Rh5 28. g4 Rxh2 29. Rxf5 Rxb2+ 30. Ka1 Rb5+ 31. Re5 Bxe5+ 32. fxe5
Rxe5 0-1

[Event "Lichtenberger Sommer"]
[Site "Berlin"]
[Date "2009.08.19"]
[Round "5.97"]
[White "Küchler, Felix"]
[Black "Hübner, Alan-Ari"]
[Result "1-0"]
[WhiteElo "1714"]
[BlackElo "1145"]
[PlyCount "105"]
[EventDate "2009.??.??"]
[WhiteTeam "SC Friesen Lichtenberg e.V."]
[BlackTeam "KSC Strausberg Abt. Schach"]

1. e4 e6 2. d4 d5 3. e5 c5 4. c3 Nc6 5. Nf3 Qb6 6. a3 cxd4 7. cxd4 Nh6 8. Bd3
Bd7 9. Bc2 Nf5 10. Bxf5 exf5 11. O-O Be7 12. Nc3 Be6 13. b4 a6 14. Be3 O-O 15.
Qb3 Rfd8 16. Qa2 Rac8 17. Rfc1 f4 18. Bxf4 Nxd4 19. Nxd4 Qxd4 20. Ne2 Rxc1+ 21.
Rxc1 Qb6 22. Qd2 d4 23. Bg5 Bxg5 24. Qxg5 d3 25. Rd1 h6 26. Qh4 dxe2 27. Rxd8+
Kh7 28. Qe4+ g6 29. Rd2 Bc4 30. Rxe2 Bxe2 31. Qxe2 Qd4 32. h3 Qa1+ 33. Kh2 Qxa3
34. Qc4 Kg7 35. Qd4 Kg8 36. Qd8+ Kg7 37. Qf6+ Kg8 38. e6 fxe6 39. Qxe6+ Kg7 40.
Qe7+ Kg8 41. Qxb7 Qa4 42. Qb6 Kf7 43. Kg3 Qb3+ 44. f3 Qd3 45. Qc7+ Kf6 46. Qf4+
Kg7 47. Qe4 Qd6+ 48. f4 Qd7 49. Kf3 Qd2 50. Qb7+ Kf8 51. Qxa6 Qc3+ 52. Kg4 Qc8+
53. Qxc8+ 1-0

[Event "Lichtenberger Sommer"]
[Site "Berlin"]
[Date "2009.08.19"]
[Round "5.98"]
[White "Berg, Gerd"]
[Black "Oberbacher, Michael"]
[Result "0-1"]
[WhiteElo "1657"]
[BlackElo "1301"]
[PlyCount "58"]
[EventDate "2009.??.??"]
[WhiteTeam "SK König Tegel 1949 e.V."]
[BlackTeam "SC Braunschweig Gliesmarode v. 1"]

1. c4 e5 2. Nc3 Nf6 3. d3 c6 4. Nf3 Bb4 5. Bd2 d6 6. a3 Bxc3 7. Bxc3 Bg4 8. e4
O-O 9. Be2 Nbd7 10. O-O c5 11. b4 a6 12. h3 Bh5 13. Bd2 h6 14. Nh4 Bg6 15. Nxg6
fxg6 16. f4 b5 17. Qb3 Kh8 18. Rf3 Nh5 19. Raf1 exf4 20. Bxf4 Nxf4 21. Rxf4
Rxf4 22. Rxf4 Qg5 23. Rf2 Qe3 24. Qc3 bxc4 25. Kf1 Ne5 26. bxc5 cxd3 27. Ke1
Rb8 28. Qa1 dxe2 29. cxd6 Nd3# 0-1

[Event "Lichtenberger Sommer"]
[Site "Berlin"]
[Date "2009.08.19"]
[Round "5.99"]
[White "Schröder, Gert"]
[Black "Möller, Dirk"]
[Result "0-1"]
[WhiteElo "1154"]
[BlackElo "1602"]
[PlyCount "106"]
[EventDate "2009.??.??"]
[WhiteTeam "SV Königsjäger Süd-West e.V."]
[BlackTeam "SC Kreuzberg e.V."]

1. Nf3 d5 2. d4 Bf5 3. Nbd2 Nc6 4. a3 Nf6 5. c4 e6 6. Qa4 Bd6 7. Nh4 Bg6 8.
Nxg6 hxg6 9. c5 Be7 10. Nf3 Qd7 11. Qc2 Ne4 12. e3 O-O-O 13. Bb5 a6 14. Ne5 Qe8
15. Nxc6 bxc6 16. Bxa6+ Kd7 17. b4 Bh4 18. g3 Bg5 19. Bb2 Ke7 20. Qe2 f5 21.
Bd3 Nf6 22. h4 Bh6 23. b5 cxb5 24. c6 Qxc6 25. Bxb5 Qb6 26. a4 c6 27. Ba3+ Kf7
28. Bc5 Qa5+ 29. Qd2 Qxd2+ 30. Kxd2 cxb5 31. f3 bxa4 32. Rxa4 Ra8 33. Ba7 Rhd8
34. Rha1 Rd7 35. Bc5 Rxa4 36. Rxa4 Rb7 37. Ba3 g5 38. hxg5 Bxg5 39. Ra8 Rb3 40.
f4 Bh6 41. Ke2 Ng4 42. Rf8+ Kg6 43. Bc1 Nf6 44. Rc8 Ne4 45. Kf3 Rc3 46. Re8
Rxc1 47. Rxe6+ Kh5 48. Re5 g6 49. g4+ Kh4 50. gxf5 Rf1+ 51. Kg2 Rf2+ 52. Kg1
Kg3 53. fxg6 Nd2 0-1

[Event "Lichtenberger Sommer"]
[Site "Berlin"]
[Date "2009.08.19"]
[Round "5.100"]
[White "Noakes, Günther"]
[Black "Jiranek, Benno"]
[Result "1/2-1/2"]
[WhiteElo "1059"]
[BlackElo "1206"]
[PlyCount "53"]
[EventDate "2009.??.??"]
[WhiteTeam "SF Hamburg eV 1934"]
[BlackTeam "SC Kreuzberg e.V."]

1. Nf3 d5 2. d4 e6 3. Bf4 Nf6 4. e3 Be7 5. Bd3 O-O 6. O-O Nbd7 7. Nbd2 Nh5 8.
c4 Nxf4 9. exf4 c6 10. cxd5 exd5 11. Qc2 g6 12. Rac1 Re8 13. Rfe1 Nf8 14. g3
Bd7 15. Bf1 Bf5 16. Qd1 Qc8 17. Bg2 b6 18. a3 f6 19. b4 Kg7 20. Re3 Qd7 21. Qe2
Kf7 22. Re1 Rac8 23. h3 c5 24. g4 Bc2 25. dxc5 bxc5 26. b5 Ba4 27. Rb1 1/2-1/2

[Event "Lichtenberger Sommer"]
[Site "Berlin"]
[Date "2009.08.19"]
[Round "5.101"]
[White "Lippianowski, Stefan"]
[Black "Mako, Attila"]
[Result "0-1"]
[WhiteElo "936"]
[BlackElo "1756"]
[PlyCount "110"]
[EventDate "2009.??.??"]
[WhiteTeam "Treptower SV 1949 e.V."]
[BlackTeam "BSC Rehberge 1945 e.V."]

1. e4 g6 2. Nf3 Bg7 3. Nc3 d6 4. h3 Bd7 5. Bc4 Nc6 6. Ng5 Ne5 7. d3 Nxc4 8.
dxc4 Bxc3+ 9. bxc3 Nf6 10. O-O h6 11. Nf3 Nxe4 12. Qd4 Nf6 13. Rb1 c5 14. Qe3
Bc6 15. Nh2 Qa5 16. Re1 O-O-O 17. a3 Ne4 18. Rb3 f5 19. f3 Ng3 20. Nf1 Nh5 21.
Qe6+ Bd7 22. Qxg6 Nf4 23. Bxf4 e5 24. Bd2 Qc7 25. Ne3 Rde8 26. Qf6 Ref8 27. Qh4
Bc6 28. Nd5 Bxd5 29. cxd5 c4 30. Rb4 f4 31. Qf2 b6 32. a4 Kd7 33. Qe2 Qc5+ 34.
Kf1 Qxd5 35. Rxc4 Rhg8 36. Rb4 Ke7 37. c4 Qe6 38. Qe4 Rg7 39. Qb7+ Kf6 40. Qe4
Rfg8 41. Re2 Qxh3 42. Rf2 Rxg2 43. Qe1 Rg1+ 44. Ke2 Rxe1+ 45. Bxe1 Rg2 46. Rb1
e4 47. fxe4 Qe3+ 48. Kf1 f3 49. Rd1 Rxf2+ 50. Bxf2 Qe2+ 51. Kg1 Qxd1+ 52. Kh2
Qf1 53. Bh4+ Ke5 54. Bg3+ Kxe4 55. Bxd6 Qg2# 0-1

[Event "Lichtenberger Sommer"]
[Site "Berlin"]
[Date "2009.08.20"]
[Round "6.21"]
[White "Kapp, Martin"]
[Black "Kühnemund, Lutz"]
[Result "0-1"]
[WhiteElo "2134"]
[BlackElo "1924"]
[PlyCount "40"]
[EventDate "2009.??.??"]
[WhiteTeam "TSV IFA Chemnitz"]
[BlackTeam "SC Friesen Lichtenberg e.V."]

1. d4 Nf6 2. c4 g6 3. Nc3 d5 4. cxd5 Nxd5 5. e4 Nxc3 6. bxc3 c5 7. Bc4 Bg7 8.
Ne2 O-O 9. O-O Nc6 10. Be3 Qc7 11. Qa4 Bd7 12. Qa3 Na5 13. Bd3 c4 14. Bc2 Rfe8
15. Rad1 b6 16. f4 e6 17. Bf2 f5 18. Bh4 Bc6 19. Ng3 Qf7 20. Ba4 Bf8 0-1

[Event "Lichtenberger Sommer"]
[Site "Berlin"]
[Date "2009.08.20"]
[Round "6.22"]
[White "Walter, Günter"]
[Black "Rohde, Wolfgang"]
[Result "1/2-1/2"]
[WhiteElo "2042"]
[BlackElo "2179"]
[PlyCount "131"]
[EventDate "2009.??.??"]
[WhiteTeam "TSG Oberschöneweide e.V."]
[BlackTeam "SC Friesen Lichtenberg e.V."]

1. e4 c5 2. Nf3 Nc6 3. Bb5 g6 4. O-O Bg7 5. Re1 Nf6 6. Nc3 O-O 7. e5 Ng4 8.
Bxc6 bxc6 9. h3 Nh6 10. d3 Nf5 11. Bg5 h6 12. Bd2 Rb8 13. Na4 d6 14. Rb1 Be6
15. b3 Bd5 16. exd6 exd6 17. Bf4 Qf6 18. Bd2 Nd4 19. Nxd4 cxd4 20. Qc1 Kh7 21.
Qa3 c5 22. Nb2 Rfe8 23. Qa4 Rxe1+ 24. Rxe1 Rb7 25. Qe8 Be6 26. Qc6 Rd7 27. Nc4
Bf8 28. a4 Qf5 29. Qa8 Be7 30. Nb2 Bg5 31. Bxg5 hxg5 32. Qf3 Qxf3 33. gxf3 Bxh3
34. Kh2 Be6 35. Kg3 Kg7 36. f4 gxf4+ 37. Kxf4 Kf6 38. f3 Re7 39. Nd1 g5+ 40.
Kg3 Kg6 41. Nf2 f5 42. Nh1 Re8 43. Kf2 Kf6 44. Ng3 Rh8 45. Rh1 Rxh1 46. Nxh1 f4
47. Ke2 g4 48. fxg4 Bxg4+ 49. Kd2 Kg5 50. Nf2 Bf3 51. c3 Kh4 52. cxd4 Kg3 53.
Ke1 Kg2 54. dxc5 dxc5 55. d4 cxd4 56. Nd3 Kg3 57. b4 Bd5 58. b5 f3 59. a5 Bc4
60. b6 axb6 61. axb6 Bxd3 62. b7 f2+ 63. Kd2 f1=Q 64. b8=Q+ Kg4 65. Qg8+ Kh3
66. Qg3+ 1/2-1/2

[Event "Lichtenberger Sommer"]
[Site "Berlin"]
[Date "2009.08.20"]
[Round "6.24"]
[White "Schnitzer, Peter"]
[Black "Gräfe, Charly"]
[Result "1/2-1/2"]
[WhiteElo "2183"]
[BlackElo "1889"]
[PlyCount "68"]
[EventDate "2009.??.??"]
[WhiteTeam "SC Kreuzberg e.V."]
[BlackTeam "SF Friedrichshagen"]

1. d4 f5 2. g3 Nf6 3. Bg2 e6 4. c4 d5 5. Nc3 c6 6. Bg5 Bd6 7. Nf3 O-O 8. O-O
Nbd7 9. Qc2 Qe8 10. Bxf6 Nxf6 11. Rae1 Qh5 12. e3 Bd7 13. Nd2 Ng4 14. h3 Nf6
15. Ne2 g5 16. f4 Kh8 17. Kf2 Rg8 18. Rh1 gxf4 19. exf4 Bb4 20. Bf3 Qg6 21. Rc1
Ne4+ 22. Bxe4 fxe4 23. Nf1 Bd6 24. Ne3 b6 25. Rcf1 Qf7 26. Ke1 c5 27. Qc3 Qg7
28. cxd5 cxd4 29. Qxd4 Qxd4 30. Nxd4 Bc5 31. Nec2 exd5 32. g4 Rgf8 33. Ke2 Rae8
34. Ke3 Kg7 1/2-1/2

[Event "Lichtenberger Sommer"]
[Site "Berlin"]
[Date "2009.08.20"]
[Round "6.25"]
[White "Reichenbach, Werner"]
[Black "Schneider, Hans-Joachim"]
[Result "1/2-1/2"]
[WhiteElo "2297"]
[BlackElo "2045"]
[PlyCount "121"]
[EventDate "2009.??.??"]
[WhiteTeam "SK Zehlendorf e.V."]
[BlackTeam "Schachpinguine Berlin e.V."]

1. e4 c5 2. Nc3 Nc6 3. Bb5 Nd4 4. Bc4 g6 5. Nge2 Bg7 6. d3 e6 7. a4 a6 8. Nxd4
cxd4 9. Ne2 Ne7 10. Bb3 Qa5+ 11. Bd2 Qc5 12. a5 Nc6 13. O-O O-O 14. f4 d6 15.
Ng3 Ne7 16. Qe1 Kh8 17. Kh1 Qc7 18. Bb4 Nc6 19. Bd2 Ne7 20. Qe2 Bd7 21. c3 dxc3
22. bxc3 b5 23. axb6 Qxb6 24. Ba4 Bxa4 25. Rxa4 Qb2 26. Rb4 Qa3 27. Rfb1 Nc6
28. R4b3 Qa2 29. R3b2 Qa4 30. Qe1 Qa3 31. Rb6 Rfc8 32. Ne2 Kg8 33. Be3 Qa5 34.
h3 Qa2 35. R6b2 Qa5 36. Rb6 Qa2 37. Qd1 e5 38. Ra1 Qe6 39. Raxa6 Rxa6 40. Rxa6
Qd7 41. Qb3 exf4 42. Nxf4 Rb8 43. Qc2 Qc8 44. Ra2 g5 45. Nd5 g4 46. Kh2 Qe6 47.
Qf2 Ne5 48. Rd2 gxh3 49. gxh3 f5 50. Nf4 Qh6 51. Kg2 fxe4 52. Rb2 Rf8 53. Qg3
Qf6 54. Rf2 Qf7 55. dxe4 Qc4 56. Kh2 Qxe4 57. Bd4 Rf6 58. Qe3 Qxe3 59. Bxe3 Ng6
60. Kg3 Kf7 61. Re2 1/2-1/2

[Event "Lichtenberger Sommer"]
[Site "Berlin"]
[Date "2009.08.20"]
[Round "6.26"]
[White "Rietze, Clemens"]
[Black "Voigt, Ingo"]
[Result "1-0"]
[WhiteElo "2192"]
[BlackElo "2046"]
[PlyCount "49"]
[EventDate "2009.??.??"]
[WhiteTeam "USV Potsdam e.V., Abt. Schach"]
[BlackTeam "BSV 63 Chemie Weißensee"]

1. d4 Nf6 2. c4 d6 3. Nc3 Bf5 4. Nf3 Nbd7 5. Nh4 Bg6 6. Nxg6 hxg6 7. g3 e5 8.
Bg2 Rb8 9. O-O Nh5 10. dxe5 dxe5 11. Qa4 f5 12. Rd1 c6 13. b4 f4 14. Ne4 Qc7
15. Bb2 Be7 16. c5 fxg3 17. fxg3 Nhf6 18. Ng5 Nxc5 19. bxc5 Bxc5+ 20. Kh1 e4
21. Bxf6 Qxg3 22. Qxe4+ Kf8 23. Bxg7+ Kxg7 24. Rd7+ Kf8 25. Rf1+ 1-0

[Event "Lichtenberger Sommer"]
[Site "Berlin"]
[Date "2009.08.20"]
[Round "6.27"]
[White "Maahs, Erich"]
[Black "Reiche, Henry"]
[Result "0-1"]
[WhiteElo "2174"]
[BlackElo "2012"]
[PlyCount "170"]
[EventDate "2009.??.??"]
[WhiteTeam "SC Concordia SAbt Palame"]
[BlackTeam "SV Berolina Mitte e.V."]

1. e4 e6 2. d4 d5 3. e5 f6 4. Bd3 f5 5. Ne2 c5 6. c3 cxd4 7. Nxd4 Nc6 8. Nf3
Qc7 9. Qe2 Nge7 10. O-O Ng6 11. Re1 Be7 12. g3 O-O 13. h4 Bd7 14. h5 Nh8 15.
Bf4 Qd8 16. Nbd2 Be8 17. Nd4 Nxd4 18. cxd4 Bg5 19. Bxg5 Qxg5 20. Nf3 Qxh5 21.
Kg2 Qg4 22. Rh1 Bh5 23. Rh4 Qxf3+ 24. Qxf3 Bxf3+ 25. Kxf3 h6 26. Rhh1 Rac8 27.
Rac1 a6 28. Ke2 Ng6 29. Kd2 Ne7 30. Rc3 Rxc3 31. bxc3 Rc8 32. a4 Nc6 33. Rb1
Rc7 34. Rb6 Kf7 35. Be2 g6 36. Bd3 h5 37. Be2 Kg7 38. Rb1 Kh6 39. Rb6 g5 40. f3
Kg6 41. Bd3 Kf7 42. Rb1 Ne7 43. Rh1 Kg6 44. Rb1 Nc6 45. Rb6 h4 46. gxh4 gxh4
47. f4 h3 48. Be2 h2 49. Bf3 Rh7 50. Rb1 Na5 51. Ke2 Nc4 52. Bh1 b6 53. Kf2 Rh3
54. Rb3 Rd3 55. Kg2 Rd2+ 56. Kg3 Ra2 57. Kh3 Rxa4 58. Kxh2 Ra3 59. Rb1 Rxc3 60.
Bg2 Rd3 61. Bf1 Rd2+ 62. Kg3 b5 63. Ra1 a5 64. Bxc4 dxc4 65. Rxa5 b4 66. Ra6
Kf7 67. Ra7+ Ke8 68. Kh4 Rxd4 69. Kg5 Rd7 70. Ra6 Ke7 71. Rc6 c3 72. Rc4 Rb7
73. Kg6 b3 74. Rxc3 b2 75. Rh3 b1=Q 76. Rh7+ Kd8 77. Rh8+ Kc7 78. Kf6 Rb6 79.
Rh7+ Kb8 80. Rh8+ Ka7 81. Rd8 Qb4 82. Rd7+ Ka6 83. Kg5 Qf8 84. Kg6 Qe8+ 85. Kf6
Qxd7 0-1

[Event "Lichtenberger Sommer"]
[Site "Berlin"]
[Date "2009.08.20"]
[Round "6.28"]
[White "Davydov, Ruven"]
[Black "Hahlbohm, Matthias"]
[Result "1/2-1/2"]
[WhiteElo "1932"]
[BlackElo "2084"]
[PlyCount "65"]
[EventDate "2009.??.??"]
[WhiteTeam "TuS Makkabi Berlin e.V."]
[BlackTeam "TSG Oberschöneweide e.V."]

1. e4 c5 2. Nf3 d6 3. d4 cxd4 4. Nxd4 Nf6 5. Nc3 a6 6. Bg5 e6 7. f4 Qc7 8. Bxf6
gxf6 9. Qf3 Nc6 10. O-O-O Nxd4 11. Rxd4 b5 12. f5 Rb8 13. fxe6 fxe6 14. Be2 b4
15. Nd5 exd5 16. Qxf6 Qg7 17. Bh5+ Kd7 18. Qf5+ Kd8 19. Qxd5 Rb5 20. Qc4 Qg5+
21. Kb1 Qxh5 22. Rhd1 Bg4 23. Rxd6+ Bxd6 24. Rxd6+ Bd7 25. Qd4 Qe8 26. Rxa6 Rb8
27. Qd6 Qxe4 28. Qxb8+ Ke7 29. Qd6+ Ke8 30. a3 b3 31. Qb8+ Ke7 32. Qd6+ Ke8 33.
Qb8+ 1/2-1/2

[Event "Lichtenberger Sommer"]
[Site "Berlin"]
[Date "2009.08.20"]
[Round "6.29"]
[White "Muskewitz, Bernd"]
[Black "Neumann, Joachim"]
[Result "1/2-1/2"]
[WhiteElo "2004"]
[BlackElo "2191"]
[PlyCount "36"]
[EventDate "2009.??.??"]
[WhiteTeam "TSG Oberschöneweide e.V."]
[BlackTeam "Kieler SG von 1884 / Meerbauer"]

1. d4 Nf6 2. g3 e6 3. Bg2 c5 4. e3 Qc7 5. Nf3 b6 6. O-O Bb7 7. b3 Be7 8. Bb2
O-O 9. Nbd2 d6 10. c4 Nbd7 11. Rc1 Rac8 12. Re1 Ne4 13. Nxe4 Bxe4 14. Nd2 Bxg2
15. Kxg2 Qb7+ 16. Qf3 Qxf3+ 17. Nxf3 Rfd8 18. Rcd1 Nf6 1/2-1/2

[Event "Lichtenberger Sommer"]
[Site "Berlin"]
[Date "2009.08.20"]
[Round "6.30"]
[White "Handel, Horst"]
[Black "Knebel, Lothar"]
[Result "1/2-1/2"]
[WhiteElo "2127"]
[BlackElo "1789"]
[PlyCount "34"]
[EventDate "2009.??.??"]
[WhiteTeam "SC Friesen Lichtenberg e.V."]
[BlackTeam "SV Oberkochen"]

1. f4 d5 2. Nf3 Nf6 3. d4 e6 4. e3 c5 5. c3 Nc6 6. Bd3 Be7 7. O-O O-O 8. Nbd2
Qc7 9. Ne5 b6 10. Qf3 Bb7 11. g4 Rad8 12. g5 Nxe5 13. fxe5 Ne4 14. h4 f5 15.
Qg2 Qc8 16. Rf4 Ba6 17. Bc2 Qc7 1/2-1/2

[Event "Lichtenberger Sommer"]
[Site "Berlin"]
[Date "2009.08.20"]
[Round "6.31"]
[White "Cremer, Jan Paul"]
[Black "Poseck, Steffen"]
[Result "0-1"]
[WhiteElo "1859"]
[BlackElo "2105"]
[PlyCount "120"]
[EventDate "2009.??.??"]
[WhiteTeam "Schachpinguine Berlin e.V."]
[BlackTeam "BSV 63 Chemie Weißensee"]

1. e4 d5 2. exd5 Qxd5 3. Nc3 Qa5 4. d4 Nf6 5. Bc4 Nc6 6. h3 Bf5 7. Nf3 Ne4 8.
Bd2 Nxd2 9. Qxd2 e6 10. a3 O-O-O 11. O-O Nxd4 12. Nxd4 Qc5 13. Ncb5 a6 14. Rfd1
axb5 15. Bxb5 c6 16. b4 Rxd4 17. Qxd4 Qxd4 18. Rxd4 cxb5 19. c4 bxc4 20. Rxc4+
Kb8 21. Rd1 Be7 22. Rd7 Bf6 23. g4 Bg6 24. Rcc7 Be4 25. Rxf7 Rd8 26. Rfd7 Re8
27. a4 Bc6 28. Rf7 Bd8 29. Rxc6 bxc6 30. Rxg7 h6 31. Rg6 Bg5 32. Kf1 Kc7 33. h4
Bd2 34. b5 cxb5 35. axb5 Kd6 36. Ke2 Bf4 37. g5 hxg5 38. hxg5 Rb8 39. Kf3 Be5
40. Kg4 Rxb5 41. Rg8 Rb4+ 42. Kf3 Rf4+ 43. Ke3 Ke7 44. g6 Rg4 45. f3 Rg1 46. f4
Ba1 47. Ra8 Kf6 48. Ra6 Bb2 49. Ke4 Re1+ 50. Kd3 Kxg6 51. Kd2 Re4 52. Kd3 Kf5
53. Ra5+ Kxf4 54. Rh5 Re3+ 55. Kc2 Bf6 56. Kd2 Re5 57. Rh1 Bg5 58. Kd1 Re3 59.
Rf1+ Rf3 60. Rxf3+ Kxf3 0-1

[Event "Lichtenberger Sommer"]
[Site "Berlin"]
[Date "2009.08.20"]
[Round "6.32"]
[White "Kapr, Klaus"]
[Black "Hohn, August"]
[Result "1/2-1/2"]
[WhiteElo "2044"]
[BlackElo "2069"]
[PlyCount "52"]
[EventDate "2009.??.??"]
[WhiteTeam "SC Friesen Lichtenberg e.V."]
[BlackTeam "SC Zugzwang 95 e.V."]

1. e4 c6 2. d4 d5 3. Nc3 dxe4 4. Nxe4 Nd7 5. Bc4 e6 6. Nf3 Ngf6 7. Neg5 Nb6 8.
Bb3 h6 9. Nh3 Bd6 10. O-O Qc7 11. Re1 c5 12. Be3 c4 13. c3 cxb3 14. axb3 Nbd5
15. Bd2 Nf4 16. Nxf4 Bxf4 17. c4 Bxd2 18. Qxd2 O-O 19. Ra5 Rd8 20. Rae5 b6 21.
d5 Bb7 22. Qf4 exd5 23. Re8+ Nxe8 24. Rxe8+ Rxe8 25. Qxc7 Rab8 26. Ne5 f6
1/2-1/2

[Event "Lichtenberger Sommer"]
[Site "Berlin"]
[Date "2009.08.20"]
[Round "6.33"]
[White "Tong, Lukas Fabian Chuan"]
[Black "Ozeran, Volodymyr"]
[Result "0-1"]
[WhiteElo "1869"]
[BlackElo "2064"]
[PlyCount "86"]
[EventDate "2009.??.??"]
[WhiteTeam "SC Erlangen 48/88"]
[BlackTeam "SK Dessau 93 e. V."]

1. d4 Nf6 2. c4 d5 3. Nc3 e6 4. Nf3 Nbd7 5. Bf4 Bb4 6. e3 O-O 7. Qc2 c6 8. a3
Qa5 9. Rc1 Bxc3+ 10. Qxc3 Qxc3+ 11. bxc3 dxc4 12. Bxc4 Nb6 13. Bd3 Nbd5 14. Bg3
Nh5 15. O-O Nxg3 16. hxg3 Bd7 17. c4 Nf6 18. Rb1 b6 19. Rfd1 Rfd8 20. Ne5 Kf8
21. Rb2 Rac8 22. Bc2 c5 23. dxc5 Rxc5 24. f4 Ke7 25. Nxd7 Rxd7 26. Rxd7+ Nxd7
27. Bd3 Ra5 28. Ra2 Nc5 29. Bb1 Ra4 30. Rc2 Rxa3 31. Ra2 Rxa2 32. Bxa2 Ne4 33.
g4 Kd6 34. Bb1 Nd2 35. Bxh7 Nxc4 36. Kf2 g6 37. f5 Ne5 38. fxg6 Nxg6 39. Ke2 a5
40. Kd2 b5 41. g5 Ke7 42. e4 e5 43. Kc3 Kf8 0-1

[Event "Lichtenberger Sommer"]
[Site "Berlin"]
[Date "2009.08.20"]
[Round "6.34"]
[White "Welz, Peter"]
[Black "Mayer, Herbert"]
[Result "1-0"]
[WhiteElo "2101"]
[BlackElo "1917"]
[PlyCount "65"]
[EventDate "2009.??.??"]
[WhiteTeam "SV Empor Berlin e.V."]
[BlackTeam "SC Rochade e.V."]

1. e4 c5 2. c3 d5 3. e5 Nc6 4. d4 cxd4 5. cxd4 Bf5 6. Nf3 e6 7. Bd3 Bb4+ 8. Nc3
Nge7 9. O-O a6 10. h3 Qa5 11. Ne2 Bxd3 12. Qxd3 Ng6 13. h4 Bf8 14. h5 Nge7 15.
Bd2 Qc7 16. Rac1 Qd7 17. Ng3 h6 18. Nh4 Nc8 19. f4 Nb6 20. f5 O-O-O 21. fxe6
Qxe6 22. Ba5 Nd7 23. Bxd8 Kxd8 24. Nhf5 f6 25. exf6 Nxf6 26. Rfe1 Qd7 27. a3
Qf7 28. Qf3 Nxh5 29. Nxh5 g6 30. Nf6 Qxf6 31. Qxd5+ Kc7 32. Re6 Qxf5 33. Rcxc6+
1-0

[Event "Lichtenberger Sommer"]
[Site "Berlin"]
[Date "2009.08.20"]
[Round "6.35"]
[White "Krajewski, Wolfgang"]
[Black "Schüler, Wolfgang"]
[Result "0-1"]
[WhiteElo "2131"]
[BlackElo "1998"]
[PlyCount "64"]
[EventDate "2009.??.??"]
[WhiteTeam "SK Zehlendorf e.V."]
[BlackTeam "SC Friesen Lichtenberg e.V."]

1. d4 d5 2. c4 c6 3. Nc3 Nf6 4. e3 e6 5. Nf3 Nbd7 6. Qc2 dxc4 7. Bxc4 b5 8. Bd3
Bb7 9. O-O a6 10. e4 c5 11. Bg5 c4 12. Be2 h6 13. Bh4 Qb6 14. b3 cxb3 15. axb3
Rc8 16. Qd3 Bb4 17. Rfc1 O-O 18. e5 Nd5 19. Na2 Ba3 20. Rcb1 Nf4 21. Qe3 Nxe2+
22. Qxe2 b4 23. Rd1 Rc7 24. Rd2 Rfc8 25. h3 Bd5 26. Rb1 a5 27. Ne1 a4 28. Qd3
axb3 29. Rxb3 Bxb3 30. Qxb3 Rc4 31. Nc2 Rc3 32. Nxc3 bxc3 0-1